000 00625nam a2200253Ia 4500
005 20260121114139.0
008 008 260114s9999 xx 000 0 eng d
020 _a9781119557883
037 _aEBOOK
040 _aCRL
040 _beng
040 _cCRL
041 _2eng
041 _aeng
084 _qCRL
100 _aDimitri Uzunidis
_9971418
245 0 _aCollective Innovation Processes: Principles and Practices
260 _bWiley
260 _c2018
856 _uhttps://onlinelibrary.wiley.com/doi/book/10.1002/9781119557883
942 _cEBOOK
999 _c1550673
_d1550673